01167nam a22002777a 4500999001500000003000900015008004100024040007100065082002600136110005800162245004200220260005100262300004100313505011400354650003900468650002600507650005300533650004400586700002400630700003300654700003200687700003900719942001600758945000900774952010600783 c9998d9998AR-CdUCM190329b ||||| |||| 00| 0 spa d aMUNICIPALIDAD PROVINCIAL DEL CUSCOcBIBLIOTECA MUNICIPAL DEL CUSCO a869.56 / bR 1 / 1954 aAsociación Nacional de Escritores y Artistas920469 a"Cuatro cantos a Ramón Castilla" /  a[Lima] : bBardelli Estremadoyro S.C., c1954. a[s.n] ; bfotografías ; c24.5 cm. aHomenaje al Libertador Ramón Castilla, de la Asociación Nacional de Escritores. -- Selección de poemas. aPoesía peruana - Siglo XX914083 aPoetas peruanos91611 aPoesía conmemorativa - Ramón Castilla926584 aPoesía contemporánea peruana915003 aRíos, Juan912443 aPérez Luna, Edgardo926585 aFerreyros, Carlos E.926586 aSamaniego, Antenor (Poetas)926587 2ddccLIBROS alccs 002ddc4070aSCAbSCAcCARTd2019-03-29g35.00o869.56 / R 1 / 1954pSCA0000503r2019-03-29yLIBROS